000
00262nam a2200109Ia 4500
008
230907s9999||||xx |||||||||||||| ||und||
082
_a
620.106
_b
WHI
245
0
_a
Fluid mechanics /
260
_a
McGraw-Hill,
_b
New York :
_c
2016
300
_a
773 p.
942
_c
BK
999
_c
600801
_d
600801